[Event "Classics GM"]
[Site "Gausdal NOR"]
[Date "2003.04.10"]
[Round "10"]
[White "Paehtz, Elisabeth"]
[Black "Bluvshtein, Mark"]
[Result "1/2-1/2"]
[WhiteElo "2384"]
[BlackElo "2451"]
[PlyCount "32"]
[EventDate "2003.04.03"]
[EventType "tourn"]
[EventRounds "11"]
[EventCountry "NOR"]
[EventCategory "8"]
[Source "Mark Crowther"]
[SourceDate "2003.04.28"]

1. e4 c5 2. Nf3 d6 3. d4 cxd4 4. Nxd4 Nf6 5. Nc3 Nc6 6. f3 Nxd4 7. Qxd4 g6 8.
Bc4 Bg7 9. Be3 O-O 10. Qd2 Be6 11. Bxe6 fxe6 12. Ne2 Qc8 13. O-O Nd7 14. Nd4
Ne5 15. b3 Qd7 16. Rad1 Rac8 1/2-1/2

[Event "Troll Masters"]
[Site "Gausdal NOR"]
[Date "2003.01.09"]
[Round "3"]
[White "Poulsen, Martin"]
[Black "Bluvshtein, Mark"]
[Result "0-1"]
[WhiteElo "2244"]
[BlackElo "2461"]
[PlyCount "60"]
[EventDate "2003.01.07"]
[EventType "swiss"]
[EventRounds "10"]
[EventCountry "NOR"]
[Source "Mark Crowther"]
[SourceDate "2003.01.13"]

1. e4 c5 2. Nc3 Nc6 3. f4 g6 4. Nf3 Bg7 5. Bc4 e6 6. O-O Nge7 7. d3 d5 8. Bb3
O-O 9. Qe1 Nd4 10. Nxd4 cxd4 11. Ne2 dxe4 12. dxe4 Bd7 13. Bd2 a5 14. Bc4 Qb6
15. Bd3 f5 16. Ng3 fxe4 17. Nxe4 Nd5 18. Qh4 Bf6 19. Qh6 Bb5 20. Rf3 Bxd3 21.
cxd3 Qxb2 22. Re1 Rac8 23. f5 Bg7 24. Qg5 exf5 25. Nd6 h6 26. Qxg6 Qxd2 27.
Qe6+ Kh7 28. Re2 Rc1+ 29. Kf2 Re1 30. Rxf5 Rxe2+ 0-1

[Event "Chicago op"]
[Site "Chicago USA"]
[Date "2002.05.25"]
[Round "2"]
[White "Bluvshtein, Mark"]
[Black "Gorlin, Yelena"]
[Result "1-0"]
[WhiteElo "2380"]
[BlackElo "2119"]
[PlyCount "85"]
[EventDate "2002.05.24"]
[EventType "swiss"]
[EventRounds "7"]
[EventCountry "USA"]
[Source "Mark Crowther"]
[SourceDate "2002.06.17"]

1. d4 e6 2. e4 d5 3. Bd3 dxe4 4. Bxe4 Nf6 5. Bf3 c5 6. Ne2 Nc6 7. Be3 cxd4 8.
Nxd4 Nxd4 9. Qxd4 Qa5+ 10. Nc3 e5 11. Qc4 Be6 12. Bc6+ Nd7 13. Bd5 Bxd5 14.
Qxd5 Qxd5 15. Nxd5 Rc8 16. O-O-O Bc5 17. Rd3 Bxe3+ 18. Nxe3 Nc5 19. Rd5 O-O 20.
Rhd1 f6 21. f3 Rc7 22. Rd6 Rfc8 23. b4 Na4 24. c4 Nc3 25. R1d2 Nb5 26. Rd8+
Rxd8 27. Rxd8+ Kf7 28. Kb2 Nd4 29. Ra8 a6 30. a4 h6 31. c5 Nc6 32. Kc3 Rd7 33.
b5 axb5 34. axb5 Ne7 35. Rb8 Ke6 36. Nc4 Nd5+ 37. Kb3 Rc7 38. c6 bxc6 39. b6
Nxb6 40. Rxb6 Kd5 41. Rb8 Ke6 42. Ne3 Rd7 43. Kc3 1-0

[Event "Chicago op"]
[Site "Chicago USA"]
[Date "2002.05.27"]
[Round "7"]
[White "Perelshteyn, Eugene"]
[Black "Bluvshtein, Mark"]
[Result "0-1"]
[WhiteElo "2434"]
[BlackElo "2380"]
[PlyCount "112"]
[EventDate "2002.05.24"]
[EventType "swiss"]
[EventRounds "7"]
[EventCountry "USA"]
[Source "Mark Crowther"]
[SourceDate "2002.06.17"]

1. e4 e6 2. d4 d5 3. Nc3 Bb4 4. e5 c5 5. Bd2 Ne7 6. Nb5 Bxd2+ 7. Qxd2 O-O 8. f4
a6 9. Nd6 Qb6 10. c3 cxd4 11. cxd4 Bd7 12. Nf3 Nc8 13. Nxc8 Rxc8 14. Bd3 Nc6
15. O-O g6 16. Kh1 Ne7 17. a4 a5 18. Qf2 h5 19. h3 Qb3 20. Ra3 Qb4 21. Rfa1 b5
22. Qh4 Nf5 23. Bxf5 exf5 24. axb5 Qxb5 25. Kh2 Ra6 26. Qe7 Be6 27. Nh4 Re8 28.
Qg5 Kh7 29. Rg3 Bd7 30. b3 Qc6 31. Rd3 Qc2 32. Qg3 Rc8 33. Nf3 Qb2 34. Ng5+ Kg7
35. Rad1 Rc2 36. h4 Rac6 37. Qf3 Rc7 38. Rg1 Bb5 39. Re3 Qxd4 40. e6 f6 41. Nf7
Qb4 42. Ree1 R7c3 43. Re3 Be2 44. Qg3 Qd4 45. Nh8 g5 46. hxg5 Qxe3 47. gxf6+
Kxf6 48. Qg6+ Ke7 49. Qf7+ Kd6 50. Qd7+ Kc5 51. Qe7+ Kb6 52. Qd8+ Kb5 53. Qb8+
Qb6 54. Qe5 Bg4 55. Qxd5+ Kb4 56. Kh1 Rc1 0-1

[Event "Gausdal Classics GM"]
[Site "Gausdal NOR"]
[Date "2002.??.??"]
[Round "1"]
[White "Ostenstad, Berge"]
[Black "Bluvshtein, Mark"]
[Result "1-0"]
[WhiteElo "2438"]
[BlackElo "2380"]
[PlyCount "61"]
[EventDate "2002.04.??"]
[EventType "tourn"]
[EventRounds "9"]
[EventCountry "NOR"]

1. Nf3 d5 2. d4 e6 3. c4 c5 4. cxd5 exd5 5. Nc3 Nc6 6. g3 Nf6 7. Bg2 Be7 8. O-O
O-O 9. Bg5 c4 10. Ne5 Be6 11. Nxc6 bxc6 12. b3 Qa5 13. Na4 Rac8 14. bxc4 dxc4
15. Bxf6 Bxf6 16. Nc5 c3 17. Nxe6 fxe6 18. Qb3 Bxd4 19. e3 Bf6 20. Qxe6+ Kh8
21. Rab1 Qc5 22. Be4 Rfe8 23. Qh3 h6 24. Bc2 Rb8 25. Rxb8 Rxb8 26. Qg4 Qe5 27.
Qg6 Kg8 28. Rd1 Rd8 29. Rxd8+ Bxd8 30. Bb3+ Kh8 31. Qf7 1-0

[Event "Gausdal Classics GM"]
[Site "Gausdal NOR"]
[Date "2002.??.??"]
[Round "2"]
[White "Kulaots, Kaido"]
[Black "Bluvshtein, Mark"]
[Result "1-0"]
[WhiteElo "2535"]
[BlackElo "2380"]
[PlyCount "71"]
[EventDate "2002.04.??"]
[EventType "tourn"]
[EventRounds "9"]
[EventCountry "NOR"]

1. e4 e6 2. d4 d5 3. Nc3 Bb4 4. e5 c5 5. a3 Bxc3+ 6. bxc3 Ne7 7. Qg4 Kf8 8. h4
Nbc6 9. h5 h6 10. Qd1 Qa5 11. Bd2 Qa4 12. Nf3 b6 13. Rh4 cxd4 14. Rb1 Ba6 15.
Nxd4 Nxd4 16. Rxd4 Bc4 17. Bxc4 dxc4 18. Rb4 Qa5 19. Rbxc4 Qxe5+ 20. Qe2 Qf5
21. Qd3 Qe5+ 22. Kf1 Nd5 23. Rc6 Kg8 24. c4 Nf6 25. g4 Qh2 26. Rd8+ Rxd8 27.
Qxd8+ Kh7 28. Qd3+ g6 29. Qf3 Kg7 30. Bc3 Qh4 31. Rd6 Rc8 32. Rxe6 fxe6 33.
Qb7+ Kf8 34. Qxc8+ Ne8 35. Bb4+ Kg7 36. Qd7+ 1-0

[Event "Gausdal Classics GM"]
[Site "Gausdal NOR"]
[Date "2002.??.??"]
[Round "3"]
[White "Bluvshtein, Mark"]
[Black "Halkias, Stelios"]
[Result "0-1"]
[WhiteElo "2380"]
[BlackElo "2566"]
[PlyCount "94"]
[EventDate "2002.04.??"]
[EventType "tourn"]
[EventRounds "9"]
[EventCountry "NOR"]

1. d4 Nf6 2. c4 c5 3. d5 b5 4. cxb5 a6 5. bxa6 g6 6. Nc3 Bxa6 7. g3 d6 8. Nf3
Bg7 9. Bg2 Nbd7 10. h3 O-O 11. O-O Nb6 12. Re1 Qc7 13. e4 Nfd7 14. Bf1 Nc4 15.
Kg2 Rfb8 16. Qc2 Qb7 17. Rb1 Nce5 18. Nxe5 Bxf1+ 19. Rxf1 Nxe5 20. b3 Qa6 21.
Rd1 c4 22. Be3 Rb4 23. Bd4 Rc8 24. bxc4 Rbxc4 25. Qe2 Qa5 26. Rb5 Qc7 27. Rb3
h5 28. Rd2 h4 29. Nb5 Qa5 30. Nc3 hxg3 31. Nd1 gxf2 32. Nxf2 Nf3 33. Rxf3 Bxd4
34. Ng4 Bg7 35. Rf2 Rc3 36. e5 dxe5 37. Nxe5 Qc7 38. d6 Qb7+ 39. Kh2 exd6 40.
Nxf7 Rc1 41. Nxd6 Qh1+ 42. Kg3 R1c3+ 43. Rf3 Rxf3+ 44. Qxf3 Rc3 45. Rd3 Be5+
46. Kg4 Qg1+ 47. Kh4 Rxd3 0-1

[Event "Gausdal Classics GM"]
[Site "Gausdal NOR"]
[Date "2002.??.??"]
[Round "4"]
[White "Tjomsland, Stig"]
[Black "Bluvshtein, Mark"]
[Result "0-1"]
[WhiteElo "2274"]
[BlackElo "2380"]
[PlyCount "122"]
[EventDate "2002.04.??"]
[EventType "tourn"]
[EventRounds "9"]
[EventCountry "NOR"]

1. d4 e6 2. Nf3 d5 3. e3 c5 4. b3 Nc6 5. Bb2 Nf6 6. a3 Bd6 7. Nbd2 cxd4 8. exd4
Qc7 9. c4 O-O 10. Bd3 b6 11. O-O Bb7 12. b4 dxc4 13. Bxc4 Rad8 14. Rc1 Qb8 15.
Qb3 Bf4 16. Rcd1 a6 17. Rfe1 Rd7 18. Nf1 Rfd8 19. Ne5 Nxe5 20. dxe5 Rxd1 21.
Rxd1 Nd5 22. Re1 b5 23. Bd3 Nb6 24. Ng3 Bxg3 25. hxg3 Qa8 26. Bf1 Nc4 27. Bc1
Be4 28. Bg5 Rd7 29. Qc3 h6 30. Bf4 Qd5 31. a4 Bf5 32. axb5 axb5 33. Be2 Qd4 34.
Qc1 Qb6 35. g4 Bg6 36. Bxc4 bxc4 37. Qxc4 Rd4 38. Qc1 Qxb4 39. g3 Qb3 40. Qe3
Rd3 41. Qe2 Qd5 42. Kh2 Rf3 43. Kg1 Rd3 44. Kh2 Rd4 45. f3 Rd3 46. Rf1 Rc3 47.
Rf2 Rc2 48. Qe3 Rc4 49. Rd2 Qc6 50. Rf2 Rc3 51. Qe2 Qc5 52. Bd2 Rc4 53. f4 Bd3
54. Qe3 Qd5 55. Rf3 Rc2 56. Rf2 Bb5 57. f5 Bc6 58. Qe1 Ra2 59. fxe6 Qxe6 60. g5
Qg4 61. Qe2 Ra1 0-1

[Event "Gausdal Classics GM"]
[Site "Gausdal NOR"]
[Date "2002.??.??"]
[Round "6"]
[White "Lie, Kjetil"]
[Black "Bluvshtein, Mark"]
[Result "1-0"]
[WhiteElo "2411"]
[BlackElo "2380"]
[PlyCount "75"]
[EventDate "2002.04.??"]
[EventType "tourn"]
[EventRounds "9"]
[EventCountry "NOR"]

1. c4 e6 2. g3 d5 3. Bg2 c5 4. Nf3 Nc6 5. O-O Nf6 6. cxd5 exd5 7. d4 Be7 8.
dxc5 Bxc5 9. Bg5 Be6 10. Qc2 Be7 11. Nc3 O-O 12. Rfd1 Qa5 13. a3 Rac8 14. b4
Qb6 15. Be3 Qc7 16. Bf4 Qb6 17. Be3 Qc7 18. Bf4 Qb6 19. Qd3 Ng4 20. e3 Nf6 21.
Ng5 Rfd8 22. Rac1 a6 23. Na4 Qa7 24. Nxe6 fxe6 25. Bh3 Kf7 26. Nc5 Bxc5 27.
bxc5 h6 28. Bd6 Na5 29. e4 dxe4 30. Qc3 Nc6 31. Bxe6+ Kxe6 32. Qc4+ Kf5 33. Qf7
Ne5 34. g4+ Kf4 35. Qg6 Nfxg4 36. Rd4 Nf6 37. Rxe4+ Nxe4 38. Rc4 1-0

[Event "Oakham"]
[Site "Oakham ENG"]
[Date "2001.03.30"]
[Round "2"]
[White "McNab, Colin"]
[Black "Bluvshtein, Mark"]
[Result "1-0"]
[WhiteElo "2403"]
[BlackElo "2287"]
[PlyCount "80"]
[EventDate "2001.03.29"]
[EventType "tourn"]
[EventRounds "9"]
[EventCountry "ENG"]
[Source "Mark Crowther"]
[SourceDate "2001.02.04"]

1. c4 Nf6 2. Nf3 e6 3. g3 d5 4. b3 c5 5. Bg2 Nc6 6. e3 Be7 7. O-O O-O 8. Bb2 d4
9. exd4 cxd4 10. Re1 Ne8 11. d3 f6 12. Ba3 e5 13. Bxe7 Qxe7 14. a3 a5 15. Nbd2
Nc7 16. h4 Be6 17. Ne4 Kh8 18. Qc2 Rfe8 19. Qb2 Na6 20. Rac1 Bf5 21. Nfd2 Bg6
22. c5 f5 23. Nd6 Nxc5 24. Rxc5 Qxd6 25. Rb5 Qc7 26. Nc4 f4 27. Bxc6 Qxc6 28.
Rbxe5 Rf8 29. Re6 Qc7 30. Re7 Qc5 31. R1e5 Qc6 32. R5e6 Qc5 33. g4 Bxd3 34. Re5
Qc6 35. Qxd4 Rad8 36. Rd5 Qg6 37. Ne5 Qf6 38. Rxd8 Qxe7 39. Rxf8+ Qxf8 40. Qxd3
g6 1-0

[Event "Oakham"]
[Site "Oakham ENG"]
[Date "2001.03.31"]
[Round "3"]
[White "Bluvshtein, Mark"]
[Black "Levitt, Jonathan"]
[Result "1/2-1/2"]
[WhiteElo "2287"]
[BlackElo "2438"]
[PlyCount "36"]
[EventDate "2001.03.29"]
[EventType "tourn"]
[EventRounds "9"]
[EventCountry "ENG"]
[Source "Mark Crowther"]
[SourceDate "2001.02.04"]

1. e4 c5 2. Nf3 e6 3. d4 cxd4 4. Nxd4 Nf6 5. Nc3 Bb4 6. e5 Nd5 7. Qg4 Kf8 8.
Bd2 d6 9. exd6 Bxc3 10. bxc3 Qxd6 11. Bd3 Qe5+ 12. Be2 Nd7 13. O-O N7f6 14. Qh4
h6 15. f4 Qc7 16. c4 Ne7 17. Bd3 Bd7 18. Bc3 Nfd5 1/2-1/2

[Event "Oakham"]
[Site "Oakham ENG"]
[Date "2001.04.02"]
[Round "5"]
[White "Bluvshtein, Mark"]
[Black "McDonald, Neil"]
[Result "1/2-1/2"]
[WhiteElo "2287"]
[BlackElo "2439"]
[PlyCount "75"]
[EventDate "2001.03.29"]
[EventType "tourn"]
[EventRounds "9"]
[EventCountry "ENG"]
[Source "Mark Crowther"]
[SourceDate "2001.02.04"]

1. e4 e6 2. d4 d5 3. Nc3 Bb4 4. e5 Ne7 5. a3 Bxc3+ 6. bxc3 c5 7. Qg4 O-O 8. Bd3
f5 9. exf6 Rxf6 10. Bg5 Nd7 11. Qh4 h6 12. Bxf6 Nxf6 13. dxc5 e5 14. f3 Qc7 15.
Ne2 Qxc5 16. Qb4 Qc7 17. O-O Be6 18. Rae1 Nc6 19. Qc5 b6 20. Qe3 Re8 21. Ng3
Bd7 22. c4 d4 23. Qd2 Qd6 24. Ne4 Nxe4 25. Bxe4 Qxa3 26. f4 Qc5 27. Bd5+ Kh8
28. fxe5 Nxe5 29. Qf4 Qd6 30. Re4 Kh7 31. Rfe1 Nxc4 32. Qxd6 Nxd6 33. Rxe8 Nxe8
34. Be4+ Kg8 35. Rd1 Kf7 36. Rxd4 Ke7 37. Kf2 a5 38. Ke2 1/2-1/2

[Event "Oakham"]
[Site "Oakham ENG"]
[Date "2001.04.04"]
[Round "7"]
[White "Bluvshtein, Mark"]
[Black "Koneru, Humpy"]
[Result "0-1"]
[WhiteElo "2287"]
[BlackElo "2299"]
[PlyCount "82"]
[EventDate "2001.03.29"]
[EventType "tourn"]
[EventRounds "9"]
[EventCountry "ENG"]
[Source "Mark Crowther"]
[SourceDate "2001.04.09"]

1. e4 c6 2. d4 d5 3. Nd2 dxe4 4. Nxe4 Nd7 5. Nf3 Ngf6 6. Ng3 e6 7. c3 Be7 8.
Bd3 b6 9. O-O O-O 10. Qe2 c5 11. Ne5 Bb7 12. Be3 Nd5 13. Qc2 N7f6 14. Rad1 Qc7
15. Ne4 h6 16. Nxf6+ Nxf6 17. Qe2 Bd6 18. f4 Nd5 19. Bc1 cxd4 20. cxd4 Nb4 21.
Bb1 Ba6 22. Nd3 Bxd3 23. Bxd3 Nxa2 24. Qe4 g6 25. Bd2 Nb4 26. Bb1 Nd5 27. f5
Bxh2+ 28. Kh1 gxf5 29. Qh4 Bg3 30. Qh3 f6 31. Rf3 Bd6 32. g4 f4 33. g5 f5 34.
Rg1 h5 35. g6 Kg7 36. Kg2 Rh8 37. Kf2 Qc4 38. Rc1 Qxd4+ 39. Ke2 Qxb2 40. Bd3
Rac8 41. Bc4 Bb4 0-1

[Event "Oakham"]
[Site "Oakham ENG"]
[Date "2001.04.06"]
[Round "9"]
[White "Estrada Nieto, Julian"]
[Black "Bluvshtein, Mark"]
[Result "1/2-1/2"]
[WhiteElo "2372"]
[BlackElo "2287"]
[PlyCount "29"]
[EventDate "2001.03.29"]
[EventType "tourn"]
[EventRounds "9"]
[EventCountry "ENG"]
[Source "Mark Crowther"]
[SourceDate "2001.04.09"]

1. e4 e6 2. d4 d5 3. Nd2 c5 4. exd5 Qxd5 5. Ngf3 cxd4 6. Bc4 Qd6 7. O-O Nf6 8.
Nb3 Nc6 9. Nbxd4 Nxd4 10. Nxd4 a6 11. Bb3 Bd7 12. c3 Qc7 13. Qf3 Bd6 14. h3 Be5
15. Bg5 1/2-1/2